000 00684cam a2200229 i 4500
001 110151
005 20230410130524.0
008 130523b2008 fr a 000 0 spa
020 _a848196283X
020 _a9788481962833
050 1 4 _aPN 1992.3
_bO77t 2008
082 0 0 _a791.45
100 1 _aOrtega Mohedano, Félix
245 1 3 _aLa televisión en Castilla y León /
_cFélix Ortega Mohedano.
260 _aSalamanca :
_bAmarú Ediciones,
_c2008.
300 _a308 p. :
_bgráf. ;
_c24 cm.
504 _aBibliografía: p. 277-283
650 4 _aTelevisión.
650 4 _aTelevisión
_zEspaña.
650 4 _aTelevisión local
_zCastilla y León (España)
942 _2lcc
_cbk
999 _c75507
_d75507